000 00315nam a2200121Ia 4500
008 240624s9999 xx 000 0 und d
041 _aeng
082 _a891.46 GOD
100 _aGODBOLE ACHYUT
245 _aSOOKCHAMJEEV VIGYAN MANOVIKAS GENIUS MAR
260 _c2015
_aPune
_bManovikas Prakashan
365 _cRS
_b20
999 _c30791
_d30791